Loading...
Fine Arts - Auditory Fine Arts | 3 | 3 | 2 | 1 | 65 | 10 | 83.33 | 2 | 5 |
Philosophy | 2 | 3 | 0 | 2 | 60 | 50 | 91.40 | 3 | 5 |
Literature - European Literature | 2 | 2 | 0 | 0 | 50 | 74 | 101.50 | 0 | 3 |
Other Arts: Auditory | 2 | 2 | 0 | 2 | 50 | 27 | 98.00 | 2 | 2 |
Literature - American Literature | 1 | 3 | 0 | 0 | 45 | 63 | 106.75 | 0 | 2 |
World and Other Literature | 1 | 2 | 0 | 1 | 35 | 90 | 110.33 | 0 | 2 |
Fine Arts - Visual Fine Arts | 1 | 1 | 0 | 1 | 25 | 42 | 92.50 | 1 | 2 |
Beliefs | 1 | 1 | 0 | 0 | 25 | 46 | 71.50 | 1 | 1 |
History - World History | 1 | 1 | 0 | 0 | 25 | 35 | 76.00 | 1 | 2 |
Literature - British Literature | 0 | 2 | 0 | 1 | 20 | 94 | 122.50 | 0 | 1 |
Ancient History and Archaeology | 0 | 1 | 0 | 0 | 10 | 116 | 116.00 | 0 | 1 |
History - European History | 0 | 1 | 0 | 0 | 10 | 106 | 106.00 | 0 | 0 |
Science - Biology | 0 | 1 | 0 | 0 | 10 | 127 | 127.00 | 0 | 1 |
Social Science | 0 | 1 | 0 | 0 | 10 | 102 | 102.00 | 0 | 0 |
Other Academic | 0 | 0 | 0 | 0 | 0 | 0.00 | 0 | 0 | |
British and Commonwealth History | 0 | 0 | 1 | 0 | -5 | 0.00 | 0 | 0 |